000 01358nam a2200205 a 4500
008 161215e2005 ag |||g |||| 00| f spa d
020 _a9789561317000
041 _aspa
092 _c808.8
_l81
_sSTE
100 1 _aStevenson, R. L.
_93213
245 3 _aLa isla del tesoro /
_cR. L. Stevenson
250 _a1a ed. 1ra reimp.
_bTexto abreviado de Gisela Silva Encina
260 _aSantiago de Chile [Chile]:
_bAndrés Bello;
_c2005.
300 _a251 p.
500 _aStevenson, R. L. (2005). La isla del tesoro. (1a ed.). Santiago de Chile : Andrés Bello.
505 _aHasta la posada Almirante Benbow llega un extraño marinero al que persiguen otros individuos de mala catadura. Todos buscan adueñarse de una plano misterioso, que será el origen de una aventurada expedición hacia la isla del tesoro...Un viaje que muy pronto se convierte en una lucha casi desesperada, en que el joven protagonista sobresale como un héroe. Esta obra de Stevenson es un clásico de la literatura juvenil y conserva hasta hoy actualidad e interés. La trama, novelesca y llena de intriga y aventuras, está basada en la realidad histórica de lo que fue la piratería marítima, con sus fabulosos tesoros, sus crímenes y misteriosas hermandades.
590 _aProyecto 4to libro. Donación Cabanne, Julia. Mayo 2019
655 _aNovela
_93091
942 _2ddc
_cLIT
999 _c2996
_d2996